Pearce takeover puts ISG in reach of annual top ten (Record no. 79641)
[ view plain ]
| 000 -LEADER | |
|---|---|
| fixed length control field | 00827cab a22001935a 4500 |
| 001 - CONTROL NUMBER | |
| control field | L141883 |
| 008 - FIXED-LENGTH DATA ELEMENTS--GENERAL INFORMATION | |
| fixed length control field | 080107e20071220xxkd f s 000 0 eng d |
| 035 ## - SYSTEM CONTROL NUMBER | |
| System control number | (Sirsi) u141883 |
| 041 0# - LANGUAGE CODE | |
| Language code of text/sound track or separate title | eng |
| 100 1# - MAIN ENTRY--PERSONAL NAME | |
| Personal name | Menary, Steve |
| 245 00 - TITLE STATEMENT | |
| Title | Pearce takeover puts ISG in reach of annual top ten |
| 260 ## - PUBLICATION, DISTRIBUTION, ETC. | |
| Date of publication, distribution, etc. | 2007 |
| 490 #0 - SERIES STATEMENT | |
| Series statement | Construction News |
| Volume/sequential designation | (7049) 20 December 2007, 14-15(2) |
| 520 ## - SUMMARY, ETC. | |
| Summary, etc. | Monthly league compiled by Emap Glenigan showing Davis Langdon heading the quantity surveying table for the 12 months to November 2007. Savills were runners up, with Gardiner and Theobald in third place. Multiplex headed the contractor's league for November 2007, with Balfour Beatty in second place. |
| 590 ## - LOCAL NOTE (RLIN) | |
| Local note | KA |
| 651 #4 - SUBJECT ADDED ENTRY--GEOGRAPHIC NAME | |
| Geographic name | United Kingdom |
| Chronological subdivision | |
| 690 ## - LOCAL SUBJECT ADDED ENTRY--TOPICAL TERM (OCLC, RLIN) | |
| Topical term or geographic name as entry element | BUILT ENVIRONMENT-QUANTITY SURVEYING-QUANTITY SURVEYORS |
| 942 ## - ADDED ENTRY ELEMENTS (KOHA) | |
| Suppress in OPAC | 0 |
| Withdrawn status | Lost status | Source of classification or shelving scheme | Damaged status | Not for loan | Home library | Current library | Shelving location | Date acquired | Total Checkouts | Full call number | Barcode | Date last seen | Copy number | Price effective from | Koha item type |
|---|---|---|---|---|---|---|---|---|---|---|---|---|---|---|---|
| Dewey Decimal Classification | London | London | Journal article | 07/01/2008 | L141883 | 141883-1001 | 06/08/2019 | 1 | 06/08/2019 | Journal article |